<?xml version="1.0" encoding="UTF-8"?>
<record
    xmlns:xsi="http://www.w3.org/2001/XMLSchema-instance"
    xsi:schemaLocation="http://www.loc.gov/MARC21/slim http://www.loc.gov/standards/marcxml/schema/MARC21slim.xsd"
    xmlns="http://www.loc.gov/MARC21/slim">

  <leader>01181nab a22002537i 4500</leader>
  <controlfield tag="003">KOSZ 005</controlfield>
  <controlfield tag="005">20180411125406.0</controlfield>
  <controlfield tag="008">160308s2012    pl  ||||| ||||0|| ||pol </controlfield>
  <datafield tag="035" ind1=" " ind2=" ">
    <subfield code="a">PBN-R:250679</subfield>
  </datafield>
  <datafield tag="040" ind1=" " ind2=" ">
    <subfield code="c">KOSZ 005/md</subfield>
    <subfield code="a">PBN-ID</subfield>
  </datafield>
  <datafield tag="041" ind1="0" ind2=" ">
    <subfield code="a">pol</subfield>
  </datafield>
  <datafield tag="080" ind1=" " ind2=" ">
    <subfield code="a">528</subfield>
  </datafield>
  <datafield tag="100" ind1=" " ind2=" ">
    <subfield code="a">CYMERMAN, Joanna.</subfield>
    <subfield code="d">2007 - .</subfield>
    <subfield code="b">Politechnika Koszali&#x144;ska - Wydzia&#x142; Budownictwa i In&#x17C;ynierii &#x15A;rodowiska,</subfield>
    <subfield code="c">Zak&#x142;ad Gospodarki Przestrzennej i Katastru Nieruchomo&#x15B;ci</subfield>
  </datafield>
  <datafield tag="245" ind1="1" ind2="0">
    <subfield code="a">Analiza wy&#x142;&#x105;czania grunt&#xF3;w le&#x15B;nych z produkcji na przyk&#x142;adzie Regionalnej Dyrekcji Las&#xF3;w Pa&#x144;stwowych w Szczecinie w latach 1998-2011 /</subfield>
    <subfield code="c">Joanna Cymerman.</subfield>
  </datafield>
  <datafield tag="260" ind1=" " ind2=" ">
    <subfield code="c">2012.</subfield>
  </datafield>
  <datafield tag="650" ind1=" " ind2="0">
    <subfield code="a">Ekonomia.</subfield>
  </datafield>
  <datafield tag="650" ind1=" " ind2="0">
    <subfield code="a">Geodezja i kartografia.</subfield>
  </datafield>
  <datafield tag="650" ind1=" " ind2="0">
    <subfield code="a">Economics.</subfield>
  </datafield>
  <datafield tag="650" ind1=" " ind2="0">
    <subfield code="a">Geodesy and cartography.</subfield>
  </datafield>
  <datafield tag="650" ind1=" " ind2="0">
    <subfield code="a">Original article presents the results of original research or experiment.</subfield>
  </datafield>
  <datafield tag="650" ind1=" " ind2="0">
    <subfield code="a">Oryginalny artyku&#x142; naukowy przedstawia rezultaty oryginalnych bada&#x144; naukowych lub eksperymentu.</subfield>
  </datafield>
  <datafield tag="773" ind1="0" ind2="8">
    <subfield code="i">W :</subfield>
    <subfield code="t">Real Estate Management and Valuation. -</subfield>
    <subfield code="x">1733-2478</subfield>
    <subfield code="d">Towarzystwo Naukowe Nieruchomo&#x15B;ci</subfield>
    <subfield code="g">2012, nr 20(4), s. 157-168.</subfield>
  </datafield>
  <datafield tag="942" ind1=" " ind2=" ">
    <subfield code="c">ART</subfield>
    <subfield code="2">UKD</subfield>
  </datafield>
  <datafield tag="999" ind1=" " ind2=" ">
    <subfield code="c">8323</subfield>
    <subfield code="d">8323</subfield>
  </datafield>
</record>
